|
|
|
|
| LEADER |
00674nam a2200217 a 4500 |
| 001 |
5831 |
| 003 |
BD-DhAAL |
| 008 |
|
| 020 |
|
|
|a 0099243822
|
| 020 |
|
|
|a 0099980703
|
| 082 |
|
|
|a 347.739
|
| 100 |
1 |
|
|a KENNEDY G.
|9 15245
|
| 245 |
0 |
0 |
|a EVERYTHING IS NEGOTIABLE.
|
| 250 |
|
|
|a 2nd ed.
|
| 260 |
|
|
|b ARROW
|b London
|c 1997.
|a Random House
|
| 300 |
|
|
|a xii, 371 p. :
|b ill. ;
|c 20 cm.
|
| 541 |
|
|
|e 5831
|
| 650 |
|
|
|a Negotiation.
|9 417
|
| 942 |
|
|
|2 ddc
|c BK
|
| 999 |
|
|
|c 35739
|d 35739
|
| 952 |
|
|
|0 0
|1 0
|2 ddc
|4 0
|6 347_739000000000000_KEN
|7 0
|9 56205
|a SCL
|b SCL
|c GEN
|d 2015-10-11
|g 850.00
|l 2
|m 11
|o 347.739 KEN
|p 3020005831
|r 2023-08-27
|s 2023-06-01
|t 1
|w 2015-10-11
|y BK
|